Music Quiz

Random Music or Clickable Quiz

Finish the Famous Song Lyric Quiz Stats

Quiz Updated Sep 22, 2016

Challenge
Share
Tweet
Score 0/28 Timer 06:00
16 Plays Today
% Correct
Lie
92.1%
Heart
91.6%
Ex-Lovers
90.7%
Apart
90.4%
Ends
89.3%
Clothes
89%
Die
88.9%
Believe
88.6%
Alive
88.4%
Top
88.2%
May
86.9%
Got
86.8%
Mind
85.7%
Heartache
83.1%
% Correct
Did
82.8%
Me
82.7%
Bathroom
81.6%
Rye
81.6%
Bend
79.6%
Boy
78.3%
Spaghetti
78.2%
Low
77.5%
Bullfrog
77.3%
Alright
77%
Through
75.5%
Son
75.4%
Home
73%
Wasteland
65.7%

You're not logged in!

Compare scores with friends on all Sporcle quizzes.
Sign Up with Email
OR
Log In

You Might Also Like...

Show Comments

Extras

Top Quizzes Today


Score Distribution

Your Account Isn't Verified!

In order to create a playlist on Sporcle, you need to verify the email address you used during registration. Go to your Sporcle Settings to finish the process.